logo

Bir Sreshtho Munshi Abdur Rouf Library
Jhenaidah Cadet College

রবীন্দ্রনাট্য প্রবাহ : (Record no. 3950)

MARC details
000 -LEADER
fixed length control field 00832nam a2200229 a 4500
001 - CONTROL NUMBER
JCCL Control Number 3950
003 - CONTROL NUMBER IDENTIFIER
JCCL marc code BD-JhCC
005 - DATE AND TIME OF LATEST TRANSACTION
control field 20171119205545.0
008 - FIXED-LENGTH DATA ELEMENTS--GENERAL INFORMATION
fixed length control field 171119s1367 ii |||| |||| 001 0 ben d
035 ## - SYSTEM CONTROL NUMBER
system control number (BD-JhCC)3950
040 ## - CATALOGING SOURCE
Original cataloging agency BD-JhCC
Modifying agency BD-JhCC
041 ## - LANGUAGE CODE
Language code of Book ben
082 ## - DEWEY DECIMAL CLASSIFICATION NUMBER
Classification number 891.4409
Author mark and Year BIS 1367
100 ## - MAIN ENTRY--PERSONAL NAME
Personal name বিশী, প্রমথনাথ
245 ## - TITLE STATEMENT
Title রবীন্দ্রনাট্য প্রবাহ :
Remainder of title গীতিনাট্য ।কাব্যনট্য । নৃত্যনাট্য । ঋতুনাট্য /
Statement of responsibility, etc প্রমথনাথ বিশী.
250 ## - EDITION STATEMENT
Edition statement 3rd Edi.
260 ## - PUBLICATION, DISTRIBUTION, ETC. (IMPRINT)
Place of publication, distribution, etc কলকাতা :
Name of publisher, distributor, etc ওরিয়েন্ট বুক কোম্পানি,
Date of publication, distribution, etc 1367
300 ## - PHYSICAL DESCRIPTION
Pagination 182 p. :
Dimensions 21 cm.
650 ## - SUBJECT ADDED ENTRY--TOPICAL TERM
Topical term or geographic name as entry element Bengali Novel
942 ## - ADDED ENTRY ELEMENTS (KOHA)
Source of classification or shelving scheme Dewey Decimal Classification
Koha item type Books
Holdings
Source of classification or shelving scheme Damaged status Not for loan Home library Current library Shelving location Date of accession Cost, normal purchase price Total Checkouts Full call number Barcode Date last seen Copy number Koha item type
Dewey Decimal Classification     JCC Rouf Library JCC Rouf Library General Stacks 11/19/2017 5.00   891.4409 BIS 1367 4922 11/19/2017 C-1 Books

JCC Library | Contacts | JCC Home

Last Update on 23 September 2017
Copyright @ 2017-2020 JCC Rouf Library
Rouf Library, Jhenidah Cadet College (JCC), Bangladesh